000 00649cam a2200205 i 4500
005 20260107101248.0
008 250721s2000 jo gr 000 0 ara d
020 _a9957090453
082 1 4 _a220.03
_bك ت ا
100 1 _aكتاب، جورج
_eمؤلف.
245 1 0 _aقاموس أعلام الكتاب المقدس /
_cللقس جورج كتاب.
250 _aالطبعة الثانية.
264 3 1 _aعمان :
_bدار أزمنة،
_c2000.
300 _a160 صفحة.
650 1 7 _aالكتاب المقدس.
650 1 7 _aعلم الدلالة.
650 1 7 _aالمسيحية.
942 _2ddc
_cBK
999 _c17876
_d17876